The CADCAM process (Record no. 79100)
[ view plain ]
| 000 -LEADER | |
|---|---|
| fixed length control field | 01291nam a2200217 a 4500 |
| 008 - FIXED-LENGTH DATA ELEMENTS--GENERAL INFORMATION | |
| fixed length control field | 190710s1988 ||||||||||||||||| || u |
| 020 ## - INTERNATIONAL STANDARD BOOK NUMBER | |
| International Standard Book Number | 9780273025726 |
| 050 ## - LIBRARY OF CONGRESS CALL NUMBER | |
| Classification number | TS 155.6 Haw |
| 100 ## - MAIN ENTRY--PERSONAL NAME | |
| Personal name | Hawkes, Barry |
| 245 14 - TITLE STATEMENT | |
| Title | The CADCAM process |
| Statement of responsibility, etc. | By Barry Hawkes |
| 260 ## - PUBLICATION, DISTRIBUTION, ETC. | |
| Place of publication, distribution, etc. | London |
| Name of publisher, distributor, etc. | PITMAN Publishung |
| Date of publication, distribution, etc. | 1988 |
| 300 ## - PHYSICAL DESCRIPTION | |
| Extent | viii, 275 pages : illustrations |
| 650 ## - SUBJECT ADDED ENTRY--TOPICAL TERM | |
| Topical term or geographic name entry element | MANUFACTURING PROCESSES--DATA PROCESSING |
| 650 ## - SUBJECT ADDED ENTRY--TOPICAL TERM | |
| Topical term or geographic name entry element | CAD/CAM SYSTEMS |
| 650 ## - SUBJECT ADDED ENTRY--TOPICAL TERM | |
| Topical term or geographic name entry element | INDUSTRIAL DESIGN--DATA PROCESSING |
| 995 ## - | |
| -- | MAIN LIBRARY OPEN ACCESS |
| -- | 18.00 |
| -- | 749399 |
| -- | CBU-MAIN LIBRARY (Kitwe) |
| -- | TS 155.6 Haw |
| -- | 3 |
| -- | AVAILABLE |
| -- | Jul 12, 2019 |
| -- | 749399 |
| -- | Main Library Open Access Collection |
| 995 ## - | |
| -- | MPIKA LIBRARY OPEN ACCESS |
| -- | 750002 |
| -- | CBU-MPIKA LIBRARY |
| -- | 17.52 |
| -- | TS 155.6 Haw |
| -- | 5 |
| -- | AVAILABLE |
| -- | Nov 22, 2019 |
| -- | 750002 |
| -- | Short Loan Collection |
| 995 ## - | |
| -- | MAIN LIBRARY OPEN ACCESS |
| -- | 18.00 |
| -- | 749400 |
| -- | CBU-MAIN LIBRARY (Kitwe) |
| -- | TS 155.6 Haw |
| -- | 2 |
| -- | AVAILABLE |
| -- | Jul 12, 2019 |
| -- | 749400 |
| -- | Main Library Open Access Collection |
| 995 ## - | |
| -- | SPECIAL COLLECTIONS |
| -- | 750003 |
| -- | CBU-MAIN LIBRARY (Kitwe) |
| -- | 17.52 |
| -- | TS 155.6 Haw |
| -- | 4 |
| -- | AVAILABLE |
| -- | Nov 22, 2019 |
| -- | 750003 |
| -- | Short Loan Collection |
| 995 ## - | |
| -- | MAIN LIBRARY OPEN ACCESS |
| -- | 18.00 |
| -- | 749401 |
| -- | CBU-MAIN LIBRARY (Kitwe) |
| -- | TS 155.6 Haw |
| -- | 1 |
| -- | AVAILABLE |
| -- | Jul 12, 2019 |
| -- | 749401 |
| -- | Main Library Open Access Collection |
| 999 ## - | |
| -- | 79100 |
| -- | 79100 |
No items available.